Microcomputer applications handbook
| Other Authors: | |
|---|---|
| Format: | Book |
| Published: |
New York :
McGraw-Hill ,
1990
|
| Subjects: |
MARC
| LEADER | 00000cam a2200000 7i4500 | ||
|---|---|---|---|
| 001 | 0000004762 | ||
| 002 | 000005134 | ||
| 005 | 20000330.0 | ||
| 020 | |a 0070053979 | ||
| 090 | 0 | 0 | |a 005.36 |b MIC |
| 245 | 0 | 0 | |a Microcomputer applications handbook |c William J.Birnes ; editor |
| 260 | |a New York : |b McGraw-Hill , |c 1990 | ||
| 300 | |a 645 p. ; |c 23 cm. | ||
| 650 | 0 | 0 | |a Computer software |
| 650 | 0 | 0 | |a Microcomputers |
| 700 | 1 | |a Birnes, William J | |
| 999 | |a 037504 |b BUKU |c PINJAMAN |e PERPUSTAKAAN KOMUNITI PETALING JAYA | ||
| 999 | |a 037505 |b BUKU |c PINJAMAN |e PERPUSTAKAAN KOMUNITI PETALING JAYA | ||